[Event "Cheliabinsk Panchenko Memorial op-A"]
[Site "Cheliabinsk"]
[Date "2021.09.14"]
[Round "2"]
[White "Ansat, Aldiyar"]
[Black "Shaposhnikov, Evgeny"]
[Result "1/2-1/2"]
[WhiteElo "2396"]
[BlackElo "2529"]
[PlyCount "96"]
[EventDate "2021.09.13"]
[EventType "swiss"]
[EventRounds "10"]
[EventCountry "RUS"]
[SourceTitle "CBM 204 Extra"]
[Source "ChessBase"]
[SourceDate "2021.11.30"]
[SourceVersion "1"]
[SourceVersionDate "2021.11.30"]
[SourceQuality "1"]

1. e4 e5 2. Nf3 Nc6 3. Bb5 a6 4. Ba4 Nf6 5. 0-0 b5 6. Bb3 Bb7 7. Re1 Bc5 8. c3 d6 9. d4 Bb6 10. Be3 0-0 11. Nbd2 h6 12. d5 Ne7 13. Bxb6 cxb6 14. Bc2 Bc8 15. Nf1 Ng6 16. g3 Bg4 17. Ne3 Bh5 18. h3 Qd7 19. g4 Nf4 20. gxh5 Nxh3+ 21. Kf1 Nf4 22. Nh2 Rac8 23. Qf3 b4 24. c4 N6xh5 25. Qg4 Qd8 26. Kg1 g6 27. b3 a5 28. Kh1 Kh7 29. Rg1 Qe7 30. Qf3 Rg8 31. Rg4 Qd7 32. Rag1 b5 33. Nhf1 bxc4 34. Nxc4 Rc5 35. Ng3 Nf6 36. Rh4 Rg7 37. Kh2 h5 38. Rxf4 exf4 39. Qxf4 Ng4+ 40. Kg2 Ne5 41. Nxe5 dxe5 42. Qd2 Rg8 43. Bd3 Rc3 44. Ne2 Qg4+ 45. Kh2 Qh4+ 46. Kg2 Qg4+ 47. Kh2 Qh4+ 48. Kg2 Qg4+ 1/2-1/2

[Event "Cheliabinsk Panchenko Memorial op-A"]
[Site "Cheliabinsk"]
[Date "2021.09.13"]
[Round "1"]
[White "Shaposhnikov, Evgeny"]
[Black "Strybuk, Artsiom I"]
[Result "1-0"]
[WhiteElo "2529"]
[BlackElo "2234"]
[PlyCount "79"]
[EventDate "2021.09.13"]
[EventType "swiss"]
[EventRounds "10"]
[EventCountry "RUS"]
[SourceTitle "CBM 204 Extra"]
[Source "ChessBase"]
[SourceDate "2021.11.30"]
[SourceVersion "1"]
[SourceVersionDate "2021.11.30"]
[SourceQuality "1"]

1. Nf3 Nf6 2. c4 c5 3. Nc3 b6 4. e4 d6 5. d4 cxd4 6. Nxd4 Bb7 7. f3 e6 8. Be3 Be7 9. Be2 0-0 10. 0-0 a6 11. Qd2 Nbd7 12. b4 Rc8 13. Rac1 Qc7 14. Kh1 Qb8 15. Rc2 Bd8 16. Rb1 Bc7 17. Bg1 Kh8 18. a4 Rg8 19. b5 a5 20. Nc6 Qa8 21. Ne7 Rgd8 22. Nxc8 Qxc8 23. Rd1 h5 24. Qe1 Rf8 25. Rcd2 Ne8 26. Be3 Qb8 27. f4 Nef6 28. Bf3 Qc8 29. Qe2 Bb8 30. Bd4 e5 31. Be3 exf4 32. Bxf4 Ne5 33. Bxe5 dxe5 34. Qe3 Kh7 35. Qxb6 Qxc4 36. Qxb7 Qxc3 37. b6 Qc4 38. h3 Qxa4 39. Rd8 Rxd8 40. Rxd8 1-0

[Event "Cheliabinsk Kurnosov Memorial Rapid"]
[Site "Cheliabinsk"]
[Date "2021.09.11"]
[Round "5"]
[White "Shaposhnikov, Evgeny"]
[Black "Aleksandrov, Aleksej"]
[Result "1/2-1/2"]
[WhiteElo "2529"]
[BlackElo "2525"]
[PlyCount "53"]
[EventDate "2021.09.10"]
[EventType "swiss (rapid)"]
[EventRounds "11"]
[EventCountry "RUS"]
[SourceTitle "CBM 204 Extra"]
[Source "ChessBase"]
[SourceDate "2021.11.30"]
[SourceVersion "1"]
[SourceVersionDate "2021.11.30"]
[SourceQuality "1"]

1. c4 e6 2. e4 d5 3. exd5 exd5 4. d4 Nf6 5. Nf3 Be6 6. cxd5 Bxd5 7. Nc3 Nc6 8. Bb5 Be7 9. Nxd5 Qxd5 10. Qa4 0-0 11. Bxc6 Qxc6 12. Qxc6 bxc6 13. 0-0 c5 14. Bf4 Nd5 15. Be5 f6 16. Bg3 a5 17. Rac1 Rfb8 18. b3 a4 19. bxa4 Rxa4 20. dxc5 Rxa2 21. Rfd1 Rd8 22. h4 Kf7 23. Nd4 Ra6 24. c6 g6 25. Nb5 Nb4 26. Rxd8 Bxd8 27. Bxc7 1/2-1/2

[Event "Cheliabinsk Lozovatsky Memorial-A"]
[Site "Cheliabinsk"]
[Date "2021.01.19"]
[Round "6"]
[White "Rezvy, Lev"]
[Black "Shaposhnikov, Evgeny"]
[Result "1/2-1/2"]
[WhiteElo "2111"]
[BlackElo "2549"]
[PlyCount "116"]
[EventDate "2021.01.15"]
[EventType "swiss"]
[EventRounds "10"]
[EventCountry "RUS"]
[SourceTitle "CBM 200 Extra"]
[Source "ChessBase"]
[SourceDate "2021.03.31"]
[SourceVersion "1"]
[SourceVersionDate "2021.03.31"]
[SourceQuality "1"]

1. d4 Nf6 2. c4 e6 3. Nf3 b6 4. g3 Ba6 5. Nbd2 d5 6. b3 Be7 7. Bg2 0-0 8. 0-0 c5 9. Bb2 Nc6 10. dxc5 Bxc5 11. Ne5 Nxe5 12. Bxe5 Rc8 13. Bb2 Qe7 14. e4 dxc4 15. Nxc4 Rfd8 16. Qe2 Bxc4 17. bxc4 Bd4 18. e5 Bxb2 19. exf6 Bxf6 20. Rad1 Qa3 21. Bb7 Rb8 22. Be4 g6 23. Qf3 Qxf3 24. Bxf3 Bd4 25. Kg2 Rbc8 26. Be2 b5 27. Rc1 b4 28. Rfd1 Bc5 29. Rxd8+ Rxd8 30. Rd1 Rxd1 31. Bxd1 f5 32. f4 Kf7 33. g4 Bd6 34. Kf3 fxg4+ 35. Kxg4 Kf6 36. h4 a5 37. Ba4 Bc5 38. Bc2 e5 39. fxe5+ Kxe5 40. h5 Kf6 41. Kf3 gxh5 42. Kg3 Kg5 43. Bxh7 Bd6+ 44. Kg2 Kf4 45. Bc2 Be7 46. Kh1 Ke3 47. Bb3 Bd6 48. c5 Bxc5 49. Bf7 a4 50. Bg8 Bd6 51. Bf7 h4 52. Bg8 h3 53. Bf7 h2 54. Bg8 Kf2 55. Bf7 Kg3 56. Bg8 b3 57. Bxb3 axb3 58. axb3 Bb4 1/2-1/2

[Event "Cheliabinsk Lozovatsky Memorial-A"]
[Site "Cheliabinsk"]
[Date "2021.01.16"]
[Round "2"]
[White "Shaposhnikov, Evgeny"]
[Black "Sitnikov, Anton"]
[Result "1-0"]
[WhiteElo "2549"]
[BlackElo "2423"]
[PlyCount "73"]
[EventDate "2021.01.15"]
[EventType "swiss"]
[EventRounds "10"]
[EventCountry "RUS"]
[SourceTitle "CBM 200 Extra"]
[Source "ChessBase"]
[SourceDate "2021.03.31"]
[SourceVersion "1"]
[SourceVersionDate "2021.03.31"]
[SourceQuality "1"]

1. Nf3 d6 2. e4 Nf6 3. Nc3 e5 4. d4 exd4 5. Nxd4 Be7 6. Qf3 0-0 7. Nf5 Bxf5 8. Qxf5 Nc6 9. Be3 Qc8 10. Qxc8 Raxc8 11. f3 Rfe8 12. 0-0-0 a6 13. g4 Nd7 14. g5 Nf8 15. h4 Ne6 16. f4 Bf8 17. Bh3 Na5 18. b3 b5 19. Rhe1 Nb7 20. f5 Nec5 21. f6 Rb8 22. Nd5 Rxe4 23. Bxc5 Rxe1 24. Rxe1 dxc5 25. Nxc7 c4 26. Nxa6 Ra8 27. Nc7 Rxa2 28. Re8 Nd6 29. Rd8 gxf6 30. gxf6 cxb3 31. Nd5 Rxc2+ 32. Kb1 h5 33. Ne7+ Kh7 34. Rxd6 Rf2 35. Rb6 Bxe7 36. fxe7 Re2 37. Be6 1-0

[Event "Cheliabinsk Panchenko Memorial op-A"]
[Site "Cheliabinsk"]
[Date "2020.09.12"]
[Round "6"]
[White "Shaposhnikov, Evgeny"]
[Black "Makarian, Rudik"]
[Result "1-0"]
[WhiteElo "2547"]
[BlackElo "2442"]
[PlyCount "47"]
[EventDate "2020.09.07"]
[EventType "swiss"]
[EventRounds "9"]
[EventCountry "RUS"]
[SourceTitle "CBM 198 Extra"]
[Source "ChessBase"]
[SourceDate "2020.11.30"]
[SourceVersion "1"]
[SourceVersionDate "2020.11.30"]
[SourceQuality "1"]

1. Nf3 Nf6 2. c4 g6 3. g3 Bg7 4. Bg2 c5 5. d4 cxd4 6. Nxd4 Nc6 7. 0-0 h5 8. c5 h4 9. Nc3 hxg3 10. hxg3 Rh5 11. Nb3 d6 12. cxd6 Bh3 13. Bxh3 Rxh3 14. Nb5 Qd7 15. Nc7+ Kd8 16. Nc5 Rh1+ 17. Kxh1 Qh3+ 18. Kg1 Ng4 19. N7e6+ fxe6 20. dxe7+ Kc7 21. Bf4+ Kb6 22. Qb3+ Kxc5 23. Rac1+ Kd4 24. Qc4# 1-0

[Event "Cheliabinsk Panchenko Memorial op-A"]
[Site "Cheliabinsk"]
[Date "2020.09.10"]
[Round "4"]
[White "Shaposhnikov, Evgeny"]
[Black "Balashov, Yuri S"]
[Result "0-1"]
[WhiteElo "2547"]
[BlackElo "2462"]
[PlyCount "112"]
[EventDate "2020.09.07"]
[EventType "swiss"]
[EventRounds "9"]
[EventCountry "RUS"]
[SourceTitle "CBM 198 Extra"]
[Source "ChessBase"]
[SourceDate "2020.11.30"]
[SourceVersion "1"]
[SourceVersionDate "2020.11.30"]
[SourceQuality "1"]

1. Nf3 c5 2. e4 d6 3. d4 cxd4 4. Nxd4 Nf6 5. Nc3 a6 6. g3 e5 7. Nb3 Be6 8. Bg2 Nbd7 9. a4 Be7 10. 0-0 0-0 11. Re1 Rc8 12. Nd2 Nb6 13. a5 Nbd7 14. Nf1 Rc5 15. Na4 Rc6 16. Qd2 b5 17. axb6 Nxb6 18. Ne3 Nc4 19. Nxc4 Bxc4 20. b3 Be6 21. Ba3 Qc7 22. c4 Rb8 23. Rab1 Nd7 24. Nc3 Qa5 25. Bc1 Rcb6 26. Nd5 Qxd2 27. Bxd2 Bxd5 28. cxd5 Nc5 29. Be3 Rxb3 30. Ra1 Nd3 31. Red1 Nb4 32. Rdc1 Bd8 33. Bf1 a5 34. Rc4 h6 35. h4 Kh7 36. h5 g6 37. hxg6+ Kxg6 38. Bh3 Rb2 39. Ra4 Kg7 40. Bf1 Nc2 41. Bc1 R2b4 42. Raxb4 Nxb4 43. Kg2 Bb6 44. Bb2 f6 45. Rc1 Bc5 46. Ba3 Rf8 47. Bc4 f5 48. exf5 Rxf5 49. f3 Rf7 50. Rb1 Nd3 51. Bxd3 Bxa3 52. Ra1 Bb4 53. Bb5 Rb7 54. Ba6 Rb6 55. Bf1 Bc3 56. Ra4 Rb7 0-1

[Event "RUS Cup final"]
[Site "Khanty-Mansiysk"]
[Date "2019.12.05"]
[Round "1.1"]
[White "Kokarev, Dmitry"]
[Black "Shaposhnikov, Evgeny"]
[Result "1-0"]
[WhiteElo "2606"]
[BlackElo "2568"]
[PlyCount "105"]
[EventDate "2019.12.05"]
[EventType "k.o."]
[EventRounds "4"]
[EventCountry "RUS"]
[SourceTitle "CBM 193 Extra"]
[Source "ChessBase"]
[SourceDate "2020.01.31"]
[SourceVersion "1"]
[SourceVersionDate "2020.01.31"]
[SourceQuality "1"]

1. e4 e5 2. Nf3 Nc6 3. Bb5 a6 4. Ba4 Nf6 5. 0-0 b5 6. Bb3 Bb7 7. d3 Be7 8. a4 0-0 9. Re1 d6 10. Nbd2 Na5 11. Ba2 c5 12. Nf1 b4 13. Ne3 Rb8 14. Bd2 Bc8 15. Nc4 Nc6 16. h3 Be6 17. Ng5 Bd7 18. f4 h6 19. fxe5 dxe5 20. Nf3 Be6 21. Be3 Nd7 22. Bf2 Bf6 23. Ne3 Bxa2 24. Rxa2 Nd4 25. c3 bxc3 26. bxc3 Nxf3+ 27. Qxf3 g6 28. Nd5 Bg7 29. Raa1 Rb2 30. Reb1 Rxb1+ 31. Rxb1 Qa5 32. Rb7 Qxa4 33. Bh4 c4 34. dxc4 Nc5 35. Ra7 g5 36. Bf2 Ne6 37. c5 Nf4 38. Ne7+ Kh7 39. c6 Bf6 40. Nd5 Qxc6 41. g3 Nxd5 42. exd5 Qd6 43. c4 Bg7 44. g4 Kg8 45. c5 Qb8 46. c6 Qb1+ 47. Kg2 e4 48. Qf5 Qc2 49. c7 Kh8 50. d6 Qc6 51. Qc5 Qd7 52. Rb7 e3 53. Rb8 1-0

[Event "RUS Top 16 rapid GP"]
[Site "Khanty-Mansiysk"]
[Date "2019.12.02"]
[Round "7"]
[White "Shaposhnikov, Evgeny"]
[Black "Bocharov, Dmitry"]
[Result "1-0"]
[WhiteElo "2568"]
[BlackElo "2524"]
[PlyCount "75"]
[EventDate "2019.12.01"]
[EventType "tourn (rapid)"]
[EventRounds "15"]
[EventCountry "RUS"]
[EventCategory "11"]
[SourceTitle "CBM 193 Extra"]
[Source "ChessBase"]
[SourceDate "2020.01.31"]
[SourceVersion "1"]
[SourceVersionDate "2020.01.31"]
[SourceQuality "1"]

1. Nf3 c5 2. c4 Nc6 3. d4 cxd4 4. Nxd4 Nf6 5. g3 Qb6 6. Nc2 e6 7. Bg2 Be7 8. 0-0 0-0 9. Nc3 Rd8 10. e4 d6 11. b3 Qc7 12. Be3 b6 13. Rc1 Bb7 14. Qe2 Rac8 15. h3 Qb8 16. Rfd1 h6 17. Rd2 Ba8 18. Rcd1 a6 19. Bf4 Ne5 20. Nb4 Bb7 21. Nd3 Ng6 22. Be3 b5 23. Nb2 b4 24. Nca4 Bxe4 25. Bb6 Bxg2 26. Bxd8 Bxh3 27. Bxe7 Nxe7 28. Rxd6 Bg4 29. f3 Nf5 30. R6d3 Nxg3 31. Qh2 Bf5 32. Rd6 Ngh5 33. Nb6 Re8 34. Qe5 Kh7 35. c5 g5 36. N2c4 g4 37. Nd7 Qd8 38. Nf8+ 1-0

[Event "RUS Top 16 rapid GP"]
[Site "Khanty-Mansiysk"]
[Date "2019.12.02"]
[Round "9"]
[White "Shaposhnikov, Evgeny"]
[Black "Potapov, Pavel"]
[Result "1-0"]
[WhiteElo "2568"]
[BlackElo "2482"]
[PlyCount "81"]
[EventDate "2019.12.01"]
[EventType "tourn (rapid)"]
[EventRounds "15"]
[EventCountry "RUS"]
[EventCategory "11"]
[SourceTitle "CBM 193 Extra"]
[Source "ChessBase"]
[SourceDate "2020.01.31"]
[SourceVersion "1"]
[SourceVersionDate "2020.01.31"]
[SourceQuality "1"]

1. e4 c5 2. Nf3 Nc6 3. Bb5 g6 4. 0-0 Bg7 5. c3 Nf6 6. Re1 0-0 7. h3 e5 8. d4 cxd4 9. cxd4 exd4 10. e5 Nd5 11. Bg5 Qb6 12. Na3 h6 13. Bd2 d6 14. exd6 Qc5 15. Qc1 Qxc1 16. Raxc1 Bd7 17. Bc4 Be6 18. Nb5 Rad8 19. Nc7 Rxd6 20. Nxe6 fxe6 21. Rxe6 Rxe6 22. Bxd5 Rfe8 23. b4 a6 24. a4 Kf8 25. b5 axb5 26. axb5 Nd8 27. Bb4+ R6e7 28. Nh4 Bf6 29. Nxg6+ Kg7 30. Nxe7 Bxe7 31. Re1 Kf8 32. Bd2 Bg5 33. Rxe8+ Kxe8 34. f4 Bf6 35. Kf2 Kd7 36. Bb4 Ne6 37. Kf3 d3 38. Bxe6+ Kxe6 39. Ke4 Be7 40. f5+ Kf7 41. Bd2 1-0

[Event "RUS Top 16 rapid GP"]
[Site "Khanty-Mansiysk"]
[Date "2019.12.01"]
[Round "2"]
[White "Ponkratov, Pavel"]
[Black "Shaposhnikov, Evgeny"]
[Result "1/2-1/2"]
[WhiteElo "2632"]
[BlackElo "2568"]
[PlyCount "91"]
[EventDate "2019.12.01"]
[EventType "tourn (rapid)"]
[EventRounds "15"]
[EventCountry "RUS"]
[EventCategory "11"]
[SourceTitle "CBM 193 Extra"]
[Source "ChessBase"]
[SourceDate "2020.01.31"]
[SourceVersion "1"]
[SourceVersionDate "2020.01.31"]
[SourceQuality "1"]

1. e4 c5 2. Nf3 e6 3. d4 cxd4 4. Nxd4 a6 5. c4 Nf6 6. Nc3 Bb4 7. Qd3 Qc7 8. Nc2 Bd6 9. g3 Nc6 10. Ne3 Ne5 11. Qe2 Bb4 12. Bg2 d6 13. Bd2 0-0 14. 0-0 Bc5 15. b3 Bd7 16. Kh1 Rfe8 17. f4 Nc6 18. g4 g6 19. f5 Nd4 20. Qd3 Rf8 21. g5 Nh5 22. Ng4 exf5 23. Nh6+ Kg7 24. Be3 Nc6 25. Nd5 Qd8 26. Qc3+ f6 27. exf5 Bxe3 28. Nxe3 Ne5 29. Rad1 Qc7 30. Nd5 Qc5 31. Qd2 Bc6 32. fxg6 hxg6 33. Rc1 a5 34. gxf6+ Nxf6 35. Rg1 Nfg4 36. Nxg4 Nxg4 37. h3 Qf2 38. Qc3+ Ne5 39. Be4 Bxd5 40. Bxd5 Rf6 41. Rc2 Qf5 42. Kh2 Rh8 43. Rcg2 Qf4+ 44. Rg3 b6 45. Kh1 Rh4 46. a3 1/2-1/2

[Event "RUS Top 16 rapid GP"]
[Site "Khanty-Mansiysk"]
[Date "2019.12.01"]
[Round "3"]
[White "Shaposhnikov, Evgeny"]
[Black "Kokarev, Dmitry"]
[Result "1/2-1/2"]
[WhiteElo "2568"]
[BlackElo "2606"]
[PlyCount "26"]
[EventDate "2019.12.01"]
[EventType "tourn (rapid)"]
[EventRounds "15"]
[EventCountry "RUS"]
[EventCategory "11"]
[SourceTitle "CBM 193 Extra"]
[Source "ChessBase"]
[SourceDate "2020.01.31"]
[SourceVersion "1"]
[SourceVersionDate "2020.01.31"]
[SourceQuality "1"]

1. Nf3 Nf6 2. c4 g6 3. Nc3 Bg7 4. g3 c6 5. Bg2 d5 6. cxd5 cxd5 7. d4 0-0 8. 0-0 Ne4 9. Nxe4 dxe4 10. Ne5 Qd5 11. Bf4 f6 12. Nd3 Nc6 13. Be3 f5 1/2-1/2

[Event "Cheliabinsk Panchenko Memorial op"]
[Site "Cheliabinsk"]
[Date "2019.09.11"]
[Round "3"]
[White "Shaposhnikov, Evgeny"]
[Black "Mukhutdinov, Tigran"]
[Result "1-0"]
[WhiteElo "2572"]
[BlackElo "2285"]
[PlyCount "169"]
[EventDate "2019.09.09"]
[EventType "swiss"]
[EventRounds "9"]
[EventCountry "RUS"]
[SourceTitle "EXT 2020"]
[Source "ChessBase"]
[SourceDate "2019.10.17"]
[SourceVersion "1"]
[SourceVersionDate "2019.10.17"]
[SourceQuality "1"]

1. c4 Nf6 2. Nf3 g6 3. d4 Bg7 4. e3 0-0 5. Be2 b6 6. 0-0 Bb7 7. b3 e6 8. Ba3 Re8 9. Nc3 d5 10. Rc1 a6 11. Qc2 Nbd7 12. Rfd1 Rc8 13. Na4 Ne4 14. c5 Nb8 15. Nc3 Nxc3 16. Qxc3 Nc6 17. Bb2 b5 18. Qd2 Rb8 19. a4 Bc8 20. axb5 axb5 21. Ra1 Bd7 22. Ra6 Qc8 23. Rda1 Qb7 24. b4 Bc8 25. R6a3 Bd7 26. Bc3 Qc8 27. Ra6 Ne7 28. Ne5 Bxe5 29. dxe5 Bc6 30. f3 Qd7 31. h3 Red8 32. Bd3 Qe8 33. R1a3 Ra8 34. Qa2 Rxa6 35. Rxa6 Rb8 36. Ra7 Qd8 37. Ra5 Be8 38. Qf2 Nc6 39. Ra3 Ne7 40. Qh4 Nf5 41. Qxd8 Rxd8 42. Bd2 Ne7 43. Kf2 Nc6 44. f4 Rb8 45. Ke2 Kg7 46. Bc3 Rd8 47. g3 Rb8 48. g4 Kg8 49. Kd2 Bd7 50. Kc2 Be8 51. Kb3 Rd8 52. Bxb5 Nd4+ 53. exd4 Bxb5 54. Ra7 Rc8 55. Be1 Kf8 56. Bf2 Ke8 57. Ra5 Rb8 58. Kc3 Kd7 59. Ra1 Rg8 60. Kd2 Bc4 61. Ke3 Rb8 62. Be1 Rh8 63. Kf3 h5 64. Kg3 hxg4 65. Kxg4 Be2+ 66. Kg3 Bf1 67. h4 Kc6 68. Ra7 Bb5 69. Bf2 Be2 70. Ra2 Bc4 71. Ra5 Be2 72. Be1 Rb8 73. Ra7 Rh8 74. b5+ Bxb5 75. Ba5 Rc8 76. Kg4 Be2+ 77. Kg5 Kd7 78. Kf6 Bg4 79. Kxf7 Bf5 80. Ra6 Bd3 81. c6+ Kd8 82. Ra7 Bf5 83. Rb7 Ra8 84. Bxc7+ Kc8 85. Bd6 1-0

[Event "Cheliabinsk Kurnosov Memorial rapid"]
[Site "Cheliabinsk"]
[Date "2019.09.08"]
[Round "10"]
[White "Korneev, Oleg"]
[Black "Shaposhnikov, Evgeny"]
[Result "1-0"]
[WhiteElo "2511"]
[BlackElo "2572"]
[PlyCount "211"]
[EventDate "2019.09.06"]
[EventType "swiss (rapid)"]
[EventRounds "11"]
[EventCountry "RUS"]
[SourceTitle "EXT 2020"]
[Source "ChessBase"]
[SourceDate "2019.10.17"]
[SourceVersion "1"]
[SourceVersionDate "2019.10.17"]
[SourceQuality "1"]

1. e4 e5 2. Bc4 Nf6 3. d3 c6 4. Nf3 d5 5. Bb3 Bb4+ 6. Bd2 Bxd2+ 7. Qxd2 a5 8. a3 Nbd7 9. Nc3 d4 10. Ne2 0-0 11. 0-0 Nh5 12. Ng3 Nxg3 13. fxg3 Qe7 14. Ng5 Nf6 15. h3 h6 16. Nf3 Be6 17. Bxe6 Qxe6 18. g4 Ne8 19. Nh4 Nd6 20. g5 Qe7 21. Nf5 Nxf5 22. Rxf5 hxg5 23. Rxg5 f6 24. Rg3 Kf7 25. Qe2 Ke8 26. Qh5+ Qf7 27. Qh7 g5 28. Qf5 Ke7 29. a4 Qe6 30. Qf2 Rh8 31. Rg4 Rh6 32. Rf1 Rah8 33. Qd2 Ra8 34. b3 Kd7 35. Rf5 Qe7 36. Qf2 Rg8 37. Qe1 Qb4 38. Qf2 Rgg6 39. Rg3 Qc3 40. Rg4 Qa1+ 41. Kh2 Qc1 42. Qe2 Kc7 43. Rf1 Qb2 44. Qd2 Kb6 45. Kg1 Qc3 46. Qf2 Ka7 47. Kh2 Rh5 48. Qe2 Rgh6 49. Rf3 Kb6 50. Qf2 Ka7 51. Rxf6 Rxf6 52. Qxf6 Qxc2 53. Qxe5 Qxd3 54. Qxa5+ Qa6 55. Qd2 c5 56. e5 Qe6 57. Rxg5 Rxg5 58. Qxg5 d3 59. Qe3 Qd5 60. e6 d2 61. e7 Qd6+ 62. g3 d1Q 63. e8Q Qc2+ 64. Qe2 Qxb3 65. Q8e5 Qxe5 66. Qxe5 b6 67. h4 c4 68. h5 c3 69. h6 c2 70. Qc7+ Ka6 71. h7 Qb2 72. Qc8+ Ka5 73. h8Q c1Q+ 74. Qxb2 Qxb2+ 75. Kh3 Qb1 76. g4 Qh1+ 77. Kg3 Qg1+ 78. Kh4 Kxa4 79. g5 b5 80. Qa6+ Kb4 81. Qd6+ Kc4 82. g6 b4 83. Qf4+ Kc3 84. Qe5+ Kc2 85. g7 b3 86. Qe4+ Kc3 87. Qf3+ Kc2 88. Qf5+ Kd2 89. Qd5+ Kc2 90. Qc4+ Kd2 91. g8Q Qh2+ 92. Kg4 Qg2+ 93. Kf4 Qf2+ 94. Ke4 Qe3+ 95. Kf5 Qh3+ 96. Qgg4 Qh7+ 97. Kf4 Qh2+ 98. Ke4 Qh7+ 99. Qf5 Qh1+ 100. Kd4 Qa1+ 101. Kd5 Qa8+ 102. Qc6 Qg8+ 103. Kd4 Qg7+ 104. Qe5 Qg1+ 105. Kd5 Qg8+ 106. Kc5 1-0

[Event "Cheliabinsk Kurnosov Memorial rapid"]
[Site "Cheliabinsk"]
[Date "2019.09.06"]
[Round "2"]
[White "Gnusarev, Pavel"]
[Black "Shaposhnikov, Evgeny"]
[Result "0-1"]
[WhiteElo "2277"]
[BlackElo "2572"]
[PlyCount "104"]
[EventDate "2019.09.06"]
[EventType "swiss (rapid)"]
[EventRounds "11"]
[EventCountry "RUS"]
[SourceTitle "EXT 2020"]
[Source "ChessBase"]
[SourceDate "2019.10.17"]
[SourceVersion "1"]
[SourceVersionDate "2019.10.17"]
[SourceQuality "1"]

1. d4 Nf6 2. c4 e6 3. Nf3 b6 4. g3 Bb4+ 5. Bd2 c5 6. Bg2 Bb7 7. 0-0 0-0 8. Bxb4 cxb4 9. Qd3 a5 10. Nbd2 d6 11. e4 e5 12. Ne1 Nc6 13. Nc2 Qb8 14. Rfe1 Ba6 15. a4 Re8 16. b3 Nd7 17. Rab1 Nf8 18. Bh3 Ra7 19. Nf1 Bc8 20. Bf5 g6 21. Bxc8 Qxc8 22. Nfe3 Ne6 23. Nd5 Qd8 24. dxe5 dxe5 25. f4 f6 26. Rbd1 Rf7 27. Qe3 Ned4 28. Nxd4 Nxd4 29. Rxd4 exd4 30. Qxd4 Re6 31. h4 Qd6 32. Kg2 Qc5 33. Qb2 Rf8 34. g4 f5 35. gxf5 Rxf5 36. Re3 Rxf4 37. Nxf4 Qxe3 38. Nxe6 Qxe4+ 39. Kg3 Qxe6 40. Qd4 Kf7 41. Qf4+ Qf6 42. Qc7+ Kg8 43. Qb8+ Kg7 44. Qc7+ Kh6 45. Kg4 Qd4+ 46. Kg3 Qe3+ 47. Kg4 Qe2+ 48. Kg3 Qe1+ 49. Kg4 Qd1+ 50. Kf4 Qxb3 51. Ke4 Qc2+ 52. Kd4 Qf2+ 0-1

[Event "Cheliabinsk Kurnosov Memorial rapid"]
[Site "Cheliabinsk"]
[Date "2019.09.06"]
[Round "3"]
[White "Shaposhnikov, Evgeny"]
[Black "Lobanov, Sergei"]
[Result "1/2-1/2"]
[WhiteElo "2572"]
[BlackElo "2515"]
[PlyCount "108"]
[EventDate "2019.09.06"]
[EventType "swiss (rapid)"]
[EventRounds "11"]
[EventCountry "RUS"]
[SourceTitle "EXT 2020"]
[Source "ChessBase"]
[SourceDate "2019.10.17"]
[SourceVersion "1"]
[SourceVersionDate "2019.10.17"]
[SourceQuality "1"]

1. c4 e5 2. g3 Nf6 3. Bg2 c6 4. Nf3 e4 5. Nd4 d5 6. cxd5 Qxd5 7. Nc2 Qh5 8. h3 Bd6 9. Nc3 Qg6 10. Ne3 0-0 11. b3 Na6 12. Bb2 Nc5 13. Qc2 Re8 14. b4 Ncd7 15. a3 a5 16. bxa5 Nc5 17. Na4 Nxa4 18. Qxa4 Bc7 19. Bc3 h5 20. 0-0 h4 21. g4 Nxg4 22. hxg4 Bxg4 23. f4 Bxe2 24. Rf2 Bb5 25. Qd1 h3 26. Kh1 hxg2+ 27. Rxg2 Qh6+ 28. Kg1 Bxa5 29. Bxg7 Qxg7 30. Rxg7+ Kxg7 31. Qg4+ Kf6 32. Kf2 Bd3 33. Rh1 Bxd2 34. Rh7 Bxe3+ 35. Kxe3 Bc4 36. Qg5+ Ke6 37. Qc5 Bd5 38. Rh5 Kd7 39. f5 Kc7 40. Rh6 Rad8 41. a4 b6 42. Qb4 Ra8 43. Qd6+ Kb7 44. Rh2 Rh8 45. Rb2 Rxa4 46. Qd7+ Ka6 47. Qc7 Rh3+ 48. Kf4 e3+ 49. Kg5 b5 50. Rc2 Rhh4 51. Qc8+ Ka5 52. Qc7+ Ka6 53. Qc8+ Ka5 54. Qc7+ Ka6 1/2-1/2

[Event "Samara Polugaevsky Memorial 9th"]
[Site "Samara"]
[Date "2019.07.17"]
[Round "8"]
[White "Aukhatov, Roman"]
[Black "Shaposhnikov, Evgeny"]
[Result "0-1"]
[WhiteElo "2119"]
[BlackElo "2575"]
[PlyCount "114"]
[EventDate "2019.07.10"]
[EventType "swiss"]
[EventRounds "9"]
[EventCountry "RUS"]
[SourceTitle "EXT 2020"]
[Source "ChessBase"]
[SourceDate "2019.10.17"]
[SourceVersion "1"]
[SourceVersionDate "2019.10.17"]
[SourceQuality "1"]

1. Nf3 Nf6 2. c4 e6 3. g3 d5 4. d4 Bb4+ 5. Bd2 Be7 6. Bg2 0-0 7. 0-0 c6 8. Qc2 a5 9. Rc1 Nbd7 10. a4 b6 11. cxd5 cxd5 12. Na3 Ba6 13. Bf4 Bb4 14. Nb5 Qe7 15. Qd1 Ne8 16. Rc6 Bb7 17. Rc2 Rc8 18. Rac1 Rxc2 19. Rxc2 h6 20. h4 Ba6 21. Qd3 Nd6 22. Rc7 Rc8 23. Rxc8+ Bxc8 24. Qc2 Ba6 25. Qc6 Bxb5 26. axb5 Ne8 27. Qc8 Kf8 28. Bc7 a4 29. Nh2 Ba5 30. e4 dxe4 31. Bd8 Qd6 32. Bxe4 Qxd4 33. Bc6 Ndf6 34. Bxf6 gxf6 35. Bxe8 Be1 36. Qd7 Bxf2+ 37. Kg2 Qxd7 38. Bxd7 Bd4 39. Bc6 Bxb2 40. Be4 a3 41. Bb1 f5 42. Nf3 Bc3 43. Kf2 Ke7 44. Ke3 Kd6 45. Kd3 Be5 46. Nxe5 Kxe5 47. Ba2 f4 48. g4 f6 49. Bb3 Kd6 50. Kc3 f3 51. Bd1 f2 52. Be2 Ke5 53. Kb3 Kd4 54. Kxa3 Kc3 55. Bf1 e5 56. Ka2 e4 57. Kb1 Kd2 0-1

[Event "Samara Polugaevsky Memorial 9th"]
[Site "Samara"]
[Date "2019.07.15"]
[Round "6"]
[White "Tunik, Gennady"]
[Black "Shaposhnikov, Evgeny"]
[Result "1/2-1/2"]
[WhiteElo "2371"]
[BlackElo "2575"]
[PlyCount "202"]
[EventDate "2019.07.10"]
[EventType "swiss"]
[EventRounds "9"]
[EventCountry "RUS"]
[SourceTitle "EXT 2020"]
[Source "ChessBase"]
[SourceDate "2019.10.17"]
[SourceVersion "1"]
[SourceVersionDate "2019.10.17"]
[SourceQuality "1"]

1. d4 Nf6 2. c4 e6 3. Nf3 b6 4. g3 Bb4+ 5. Bd2 Bxd2+ 6. Qxd2 Ba6 7. Qc2 c5 8. Bg2 Nc6 9. dxc5 bxc5 10. 0-0 0-0 11. b3 Rc8 12. Rd1 d5 13. cxd5 Nxd5 14. Qb2 Qa5 15. a3 Rfd8 16. h4 Nd4 17. Nxd4 cxd4 18. b4 Qb6 19. Rxd4 Bxe2 20. Nd2 Bh5 21. Nb3 Bg6 22. Rc1 h6 23. Qd2 Nf6 24. Rc5 Kh7 25. Bf3 Rxd4 26. Qxd4 Rd8 27. Qc4 Qd6 28. Kg2 Qd3 29. Nc1 Qxa3 30. h5 Bb1 31. Qb3 Qxb3 32. Nxb3 Rb8 33. b5 Be4 34. Nd4 Rb7 35. Bxe4+ Nxe4 36. Re5 Nf6 37. f4 Rd7 38. Nc6 Rd2+ 39. Kf3 Ra2 40. f5 exf5 41. Rxf5 a6 42. bxa6 Rxa6 43. Na5 Rb6 44. Nc4 Rb3+ 45. Ne3 Nd7 46. Rd5 Nf8 47. g4 Ne6 48. Rd7 Ng5+ 49. Kf2 Ne4+ 50. Kf3 Nf6 51. Rd4 Ra3 52. Kf2 Ra8 53. Kf3 Kg8 54. Rd3 Nh7 55. Rd4 Ng5+ 56. Kf2 Ra2+ 57. Kg3 Re2 58. Rd8+ Kh7 59. Rd3 Ra2 60. Rd4 Ra1 61. Kf2 Rh1 62. Kg2 Rh3 63. Kf2 Rf3+ 64. Ke2 Rf6 65. Ra4 Rb6 66. Kf2 Rb8 67. Rd4 Re8 68. Rb4 Kg8 69. Rd4 Kf8 70. Nf5 Ra8 71. Rd3 Ne6 72. Kg3 Ra4 73. Rb3 Kg8 74. Rd3 Kh7 75. Rc3 Ng5 76. Rd3 Ne4+ 77. Kf3 Nf6 78. Ne3 g6 79. hxg6+ Kxg6 80. Rb3 Ne4 81. Rb6+ f6 82. Rb8 Ng5+ 83. Kg3 Ra3 84. Kf2 Ne4+ 85. Kf3 Nd6 86. Rb4 Kg5 87. Kf2 Ra6 88. Kg3 Ra3 89. Kf2 Ra7 90. Kg3 Ra8 91. Rd4 Nf7 92. Rd7 Ra3 93. Rxf7 Rxe3+ 94. Kf2 Ra3 95. Rg7+ Kf4 96. Rg6 Ra2+ 97. Kg1 Ra6 98. Kg2 Rd6 99. Kf2 Ra6 100. Kg2 Rd6 101. Kf2 Ra6 1/2-1/2